| 000 | 00589nam a22001697a 4500 | ||
|---|---|---|---|
| 005 | 20170928172308.0 | ||
| 010 | _a1718EN-30 | ||
| 020 |
_c400.00 _a9789351865377 |
||
| 037 |
_bPrabhat _adpl |
||
| 245 |
_aPledge for an integrated India : _cedited by Devesh Khandelwal ; foreworded by Amit Shah _bDr, Mookerjee in throes of jammu and Kashmir 1951 to1653 / |
||
| 260 |
_aNew Delhi _bPrabhat Prakashan _c2016 |
||
| 270 |
_bNew Delhi _a4/19 Asaf Ali Road, _e110002 |
||
| 300 |
_a303p. _c21cm(hb) |
||
| 700 | _aKhandelwal, Devesh | ||
| 942 |
_cEN _mPLE _2ddc |
||
| 999 |
_c145770 _d145770 |
||